Statistics for Films winning at least one of the Big Five Academy Awards

Click here to take the quiz!

General Stats

  • This quiz has been taken 2,275 times
    (140 since last reset)
  • The average score is 137 of 356

Answer Stats

Recipient(s)Film% Correct
Ron Bozman, Jonathan Demme, Jodie Foster, Anthony Hopkins, Edward Saxon, Ted Tally, Kenneth UttThe Silence of the Lambs
87%
Marlon Brando, Francis Ford Coppola, Mario Puzo, Albert S. RuddyThe Godfather
85%
Rami MalekBohemian Rhapsody
76%
Wendy Finerman, Tom Hanks, Eric Roth, Steve Starkey, Steve Tisch, Robert ZemeckisForrest Gump
76%
Damien Chazelle, Emma StoneLa La Land
76%
Natalie PortmanBlack Swan
74%
Ben Affleck, Matt DamonGood Will Hunting
74%
Cillian Murphy, Christopher Nolan (x2), Charles Roven, Emma ThomasOppenheimer
74%
Francis Ford Coppola (x3), Gray Frederickson, Mario Puzo, Fred RoosThe Godfather Part II
74%
Charles Brackett, Richard L. Breen, Walter ReischTitanic (1953)
74%
James Cameron (x2), Jon LandauTitanic (1997)
74%
Joaquin PhoenixJoker
72%
Leonardo DiCaprio, Alejandro G. IñárrituThe Revenant
72%
Daniel Day-Lewis Lincoln
70%
Clint Eastwood (x2), Tom Rosenberg, Albert S. Ruddy, Hilary SwankMillion Dollar Baby
70%
Bong Joon-ho (x3), Han Jin-won, Kwak Sin-aeParasite
70%
Tom Hanks Philadelphia
70%
Roger Avary, Quentin TarantinoPulp Fiction
70%
Michael Curtiz, Julius J. Epstein, Philip G. Epstein, Howard Koch, Hal B. WallisCasablanca
67%
Daniel Day-Lewis There Will Be Blood
67%
Alan Ball, Bruce Cohen, Dan Jinks, Sam Mendes, Kevin SpaceyAmerican Beauty
65%
Ben Affleck, George Clooney, Grant Heslov, Chris TerrioArgo
65%
Matthew McConaugheyDallas Buyers Club
65%
Daniel Kwan (x3), Daniel Scheinert (x3), Jonathan Wang, Michelle YeohEverything Everywhere All at Once
65%
Dustin Lance Black, Sean PennMilk
65%
Jamie Foxx Ray
65%
Iain Canning, Colin Firth, Tom Hooper, David Seidler, Emile Sherman, Gareth UnwinThe King's Speech
65%
Quentin TarantinoDjango Unchained
63%
Russell Crowe, David Franzoni, Branko Lustig, Douglas WickGladiator
63%
Victor Fleming, Sidney Howard, Vivien Leigh, David O. SelznickGone with the Wind
63%
Alfonso CuarónGravity
63%
Will SmithKing Richard
63%
Ethan Coen (x3), Joel Coen (x3), Scott RudinNo Country for Old Men
63%
Michael Douglas, Louise Fletcher, Miloš Forman, Bo Goldman, Laurence Hauben, Jack Nicholson, Saul ZaentzOne Flew Over the Cuckoo's Nest
63%
Sandra Bullock The Blind Side
63%
J. Miles Dale, Guillermo del Toro (x2)The Shape of Water
63%
Bruce Davey, Mel Gibson (x2), Alan Ladd, Jr.Braveheart
61%
Herman J. Mankiewicz, Orson WellesCitizen Kane
61%
Ethan Coen, Joel Coen, Frances McDormandFargo
61%
Dede Gardner, Barry Jenkins, Jeremy Kleiner, Tarell Alvin McCraney, Adele RomanskiMoonlight
61%
Helen Hunt, Jack Nicholson As Good as It Gets
59%
Charlton Heston, William Wyler, Sam ZimbalistBen-Hur
59%
Roberto Benigni Life Is Beautiful
59%
Charlize Theron Monster
59%
Mollye Asher, Dan Janvey, Frances McDormand (x2), Peter Spears, Chloé Zhao (x2)Nomadland
59%
Emma StonePoor Things
59%
Branko Lustig, Gerald R. Molen, Steven Spielberg(x2), Steven ZaillianSchindler's List
59%
Graham King, William Monahan, Martin ScorseseThe Departed
59%
Robert Wise (x2)The Sound of Music
59%
Armando Bo, Alexander Dinelaris, Jr., Alejandro G. Iñárritu (x3), Nicolás Giacobone, John Lesher, James W. SkotchdopoleBirdman or (The Unexpected Virtue of Ignorance)
57%
Jim Burke, Brian Currie (x2), Peter Farrelly (x2), Nick Vallelonga (x2), Charles B. WesslerGreen Book
57%
Halle BerryMonster's Ball
57%
Arnold Kopelson, Oliver StonePlatoon
57%
Alfonso CuarónRoma
57%
Steven SpielbergSaving Private Ryan
57%
Donna Gigliotti, Marc Norman (x2), Gwyneth Paltrow, David Parfitt, Tom Stoppard, Harvey Weinstein, Edward ZwickShakespeare in Love
57%
Jean Dujardin, Michel Hazanavicius, Thomas LangmannThe Artist
57%
Anthony Minghella, Saul ZaentzThe English Patient
57%
Kathryn Bigelow (x2), Mark Boal (x2), Nicolas Chartier, Greg ShapiroThe Hurt Locker
57%
Frances McDormandThree Billboards Outside Ebbing, Missouri
57%
F. Murray Abraham, Miloš Forman, Peter Shaffer, Saul ZaentzAmadeus
54%
Woody Allen (x2), Marshall Brickman, Charles H. Joffe, Diane KeatonAnnie Hall
54%
Michael Blake, Kevin Costner (x2), Jim WilsonDances with Wolves
54%
Gary OldmanDarkest Hour
54%
Jordan PeeleGet Out
54%
Nicolas Cage Leaving Las Vegas
54%
Kathy Bates Misery
54%
Daniel Day-Lewis My Left Foot
54%
Brie Larson Room
54%
Jennifer Lawrence Silver Linings Playbook
54%
Simon Beaufoy, Danny Boyle, Christian ColsonSlumdog Millionaire
54%
I.A.L. Diamond, Billy Wilder (x3)The Apartment
54%
Forest Whitaker The Last King of Scotland
54%
Brendan FraserThe Whale
54%
Clint Eastwood (x2) Unforgiven
54%
Jerome Robbins, Robert Wise (x2)West Side Story
54%
Akiva Goldsman, Brian Grazer, Ron Howard (x2)A Beautiful Mind
52%
Martin RichardsChicago
52%
Paul Haggis (x2), Bobby Moresco, Cathy SchulmanCrash
52%
Richard Attenborough (x2), John Briley, Ben KingsleyGandhi
52%
Laurence Olivier (x2)Hamlet
52%
Robert Benton (x2), Dustin Hoffman, Stanley R. JaffeKramer vs. Kramer
52%
Casey Affleck, Kenneth LonerganManchester by the Sea
52%
Robert De Niro Raging Bull
52%
Olivia ColmanThe Favorite
52%
Helen Mirren The Queen
52%
Denzel Washington Training Day
52%
Dede Gardner, Jeremy Kleiner, Steve McQueen, Anthony Katagas, Brad Pitt, John Ridley12 Years a Slave
50%
John G. Avildsen, Robert Chartoff, Irwin WinklerRocky
50%
Al Pacino Scent of a Woman
50%
Christopher Hampton, Anthony Hopkins, Florian ZellerThe Father
50%
Meryl Streep The Iron Lady
50%
Philippa Boyens, Peter Jackson (x3), Barrie M. Osborne, Fran Walsh (x2)The Lord of the Rings: The Return of the King
50%
Adrien Brody, Ronald Harwood, Roman PolanskiThe Pianist
50%
Tony Bill, George Roy Hill, Julia Phillips, Michael Phillips, David S. WardThe Sting
50%
Eddie Redmayne The Theory of Everything
50%
Joseph L. Mankiewicz (x2), Darryl F. ZanuckAll About Eve
48%
Ang Lee, Larry McMurtry, Diana OssanaBrokeback Mountain
48%
Jessica Tandy, Alfred Uhry, Lili Fini Zanuck, Richard D. ZanuckDriving Miss Daisy
48%
Renée ZellwegerJudy
48%
Julie Andrews Mary Poppins
48%
Marlon Brando, Elia Kazan, Budd Schulberg, Sam SpiegelOn the Waterfront
48%
Francis Ford Coppola, Frank McCarthy, Edmund H. North, Franklin J. Schaffner, George C. ScottPatton
48%
Meryl Streep Sophie's Choice
48%
Paul NewmanThe Color of Money
48%
Mike NicholsThe Graduate
48%
Jane Campion, Holly HunterThe Piano
48%
Bob Fosse, Liza Minnelli Cabaret
46%
Fabrice Gianfermi, Sian Heder, Philippe Rousselet, Patrick WachsbergerCODA
46%
Susan Sarandon Dead Man Walking
46%
Julia RobertsErin Brockovich
46%
Barbra Streisand Funny Girl
46%
Frank Capra (x2), Harry Cohn, Claudette Colbert, Clark Gable, Robert RiskinIt Happened One Night
46%
Taika WaititiJojo Rabbit
46%
David Lean, Sam SpiegelLawrence of Arabia
46%
Sofia CoppolaLost in Translation
46%
Sean Penn Mystic River
46%
Paddy Chayefsky, Faye Dunaway, Peter FinchNetwork
46%
Henry Fonda, Katharine Hepburn, Ernest ThompsonOn Golden Pond
46%
Ronald Bass, Dustin Hoffman, Mark Johnson, Barry Levinson, Barry MorrowRain Man
46%
Warren BeattyReds
46%
Michael Cimino (x2), Michael Deeley, John Peverall, Barry SpikingsThe Deer Hunter
46%
Yul BrynnerThe King and I
46%
Reese Witherspoon Walk the Line
46%
Michael Douglas Wall Street
46%
Carl Laemmle, Jr., Lewis MilestoneAll Quiet on the Western Front
43%
Vivien Leigh A Streetcar Named Desire
43%
Hilary Swank Boys Don't Cry
43%
Philip Seymour Hoffman Capote
43%
Marlee Matlin Children of a Lesser God
43%
Walter Mirisch, Stirling Silliphant, Rod SteigerIn the Heat of the Night
43%
Ernest Borgnine, Paddy Chayefsky, Harold Hecht, Delbert MannMarty
43%
Cher, John Patrick ShanleyMoonstruck
43%
James L. Brooks (x3), Shirley MacLaineTerms of Endearment
43%
Humphrey Bogart The African Queen
43%
Pierre Boulle, Carl Foreman, Alec Guinness, David Lean, Sam Spiegel, Michael WilsonThe Bridge on the River Kwai
43%
Nicole Kidman The Hours
43%
Kate Winslet The Reader
43%
Horton Foote, Gregory Peck To Kill a Mockingbird
43%
Ang LeeLife of Pi
41%
Kurt Luedtke, Sydney Pollack (x2)Out of Africa
41%
Emma ThompsonSense and Sensibility
41%
Geoffrey RushShine
41%
Julianne Moore Still Alice
41%
Jessica ChastainThe Eyes of Tammy Faye
41%
John Wayne True Grit
41%
William GoldmanAll the President's Men
39%
Cameron CroweAlmost Famous
39%
Spike Lee, David Rabinowitz, Charlie Wachtel, Kevin WillmottBlacKkKlansman
39%
Cate Blanchett Blue Jasmine
39%
Buddy Adler, Daniel Taradash, Fred ZinnemannFrom Here to Eternity
39%
Arthur Freed, Alan Jay Lerner, Vincente MinnelliGigi
39%
Frank Butler, Frank Cavett, Bing Crosby, Leo McCarey (x2)Going My Way
39%
William HurtKiss of the Spider Woman
39%
George Cukor, Rex Harrison, Jack L. WarnerMy Fair Lady
39%
Robert Redford, Alvin Sargent, Ronald L. SchwaryOrdinary People
39%
Blye Pagon Faust, Steve Golin, Tom McCarthy, Nicole Rocklin, Josh Singer, Michael SugarSpotlight
39%
Charles Brackett, D.M. Marshman, Jr., Billy WilderSunset Boulevard
39%
Elizabeth Taylor Who's Afraid of Virginia Woolf?
39%
Broderick Crawford, Robert RossenAll the King's Men
37%
Robert Bolt, Paul Scofield, Fred Zinnemann (x2)A Man for All Seasons
37%
Oliver StoneBorn on the Fourth of July
37%
Sissy SpacekCoal Miner's Daughter
37%
Spike JonzeHer
37%
Ruth Prawer Jhabvala, Emma ThompsonHowards End
37%
John Ford, Darryl F. ZanuckHow Green Was My Valley
37%
Patricia Neal Hud
37%
Sidney Poitier Lilies of the Field
37%
Jerome Hellman, Waldo Salt, John SchlesingerMidnight Cowboy
37%
Jodie Foster The Accused
37%
William Peter BlattyThe Exorcist
37%
Philip D'Antoni, William Friedkin, Gene Hackman, Ernest TidymanThe French Connection
37%
Richard Dreyfuss The Goodbye Girl
37%
Bernardo Bertolucci (x2), Mark Peploe, Jeremy ThomasThe Last Emperor
37%
Jane CampionThe Power of the Dog
37%
Aaron SorkinThe Social Network
37%
Stephen Gaghan, Steven SoderberghTraffic
37%
Ellen Burstyn Alice Doesn't Live Here Anymore
35%
Cord JeffersonAmerican Fiction
35%
Arthur Freed, Alan Jay LernerAn American in Paris
35%
Kenneth BranaghBelfast
35%
Elizabeth Taylor BUtterfield 8
35%
Jeff Bridges Crazy Heart
35%
Katharine Hepburn, William RoseGuess Who's Coming to Dinner
35%
Gary Cooper High Noon
35%
Diablo CodyJuno
35%
Robert Benton, Sally FieldPlaces in the Heart
35%
Jeremy Irons Reversal of Fortune
35%
Audrey HepburnRoman Holiday
35%
Billy Bob ThorntonSling Blade
35%
Samuel Goldwyn, Fredric March, Robert Sherwood, William WylerThe Best Years of Our Lives
35%
Cecil B. DeMilleThe Greatest Show on Earth
35%
Charles Brackett (x2), Ray Milland, Billy Wilder (x2)The Lost Weekend
35%
Donald Ogden Stewart, James StewartThe Philadelphia Story
35%
Lucien HubbardWings
35%
Ingrid Bergman Anastasia
33%
Spencer Tracy Boys Town
33%
Frank Lloyd, Winfield SheehanCavalcade 
33%
David Puttnam, Colin WellandChariots of Fire
33%
Woody AllenHannah and Her Sisters
33%
Jane Fonda Klute
33%
Woody AllenMidnight in Paris
33%
Sidney Franklin, George Froeschel, Greer Garson, James Hilton, Claudine West, Arthur Wimperis, William WylerMrs. Miniver
33%
Carol Reed, John WoolfOliver!
33%
David O. SelznickRebecca
33%
Luise Rainer, Hunt StrombergThe Great Ziegfeld
33%
Anne Bancroft The Miracle Worker
33%
Maggie Smith The Prime of Miss Jean Brodie
33%
John Huston (x2)The Treasure of the Sierra Madre
33%
Sarah PolleyWomen Talking
33%
Arthur Harari, Justine TrietAnatomy of a Fall
30%
John Farrow, S.J. Perelman, James Poe, Michael ToddAround the World in 80 Days
30%
Jessica LangeBlue Sky
30%
Cliff Robertson Charly
30%
Robert TowneChinatown
30%
Nancy Dowd, Jane Fonda, Robert C. Jones, Waldo Salt, Jon VoightComing Home
30%
José Ferrer Cyrano de Bergerac
30%
Tom SchulmanDead Poets Society
30%
Pierre Bismuth, Michel Gondry, Charlie KaufmanEternal Sunshine of the Spotless Mind
30%
Elia Kazan, Darryl F. ZanuckGentleman's Agreement
30%
George StevensGiant
30%
Robert Donat Goodbye, Mr. Chips
30%
Bette Davis Jezebel
30%
Ginger Rogers Kitty Foyle
30%
Marion Cotillard La Vie en Rose
30%
Sally FieldNorma Rae
30%
Emerald FennellPromising Young Woman
30%
Grace Kelley, George SeatonThe Country Girl
30%
Neil JordanThe Crying Game
30%
James Goldman, Katharine HepburnThe Lion in Winter
30%
Christopher McQuarrieThe Usual Suspects
30%
Sophia Loren Two Women
30%
Ruth Prawer JhabvalaA Room with a View
28%
Judy Holliday Born Yesterday
28%
Lee Marvin Cat Ballou
28%
Howard Estabrook, William LeBaronCimarron
28%
Bette DavisDangerous
28%
Christopher HamptonDangerous Liaisons
28%
Julie Christie, Frederic RaphaelDarling
28%
George ArlissDisraeli 
28%
Ingrid Bergman Gaslight
28%
Art Carney Harry and Tonto
28%
Jane Wyman Johnny Belinda
28%
Joan Crawford Mildred Pierce
28%
Katharine Hepburn Morning Glory
28%
Albert Lewin, Irving ThalbergMutiny on the Bounty 
28%
Neil Paterson, Simone SignoretRoom at the Top
28%
David Niven Separate Tables
28%
Adam McKay, Charles RandolphThe Big Short
28%
Olivia de Havilland The Heiress
28%
Henry Blanke, Heinz Herald, Geza Herczag, Norman Reilly RaineThe Life of Emile Zola
28%
Callie KhouriThelma & Louise
28%
Mel BrooksThe Producers
28%
John FordThe Quiet Man
28%
John Osborne, Tony Richardson (x2)Tom Jones
28%
Frank Capra (x2) You Can't Take It With You
28%
William GoldmanButch Cassidy and the Sundance Kid
26%
James IvoryCall Me by Your Name
26%
Shirley Booth Come Back, Little Sheba
26%
Bruce Joel RubinGhost
26%
Irving ThalbergGrand Hotel
26%
Susan Hayward I Want to Live!
26%
Abby Mann, Maximilian SchellJudgment at Nuremberg
26%
Alvin SargentJulia
26%
Curtis Hanson, Brian HelgelandL.A. Confidential
26%
Geoffrey FletcherPrecious: Based on the Novel "Push" by Sapphire
26%
Ian Dalrymple, Cecil Lewis, W.P. Lipscomb, George Bernard ShawPygmalion
26%
Jack Lemmon Save the Tiger
26%
William HoldenStalag 17
26%
Janet GaynorSunrise: A Song of Two Humans
26%
Pedro AlmodóvarTalk to Her
26%
Charles SchneeThe Bad and the Beautiful
26%
Irving Thalberg, Lawrence WeingartenThe Broadway Melody
26%
Wallace Beery The Champ
26%
Nat Faxon, Alexander Payne, Jim RashThe Descendants
26%
Loretta YoungThe Farmer's Daughter
26%
Luise Rainer The Good Earth
26%
Anna Magnani The Rose Tattoo
26%
William Kelley, Earl Wallace, Pamela WallaceWitness
26%
Glenda JacksonWomen in Love
26%
Glenda Jackson A Touch of Class
24%
Spencer Tracy Captains Courageous
24%
Mary Pickford Coquette
24%
Ennio de Concini, Pietro Germi, Alfredo GiannettiDivorce, Italian Style
24%
Frank PiersonDog Day Afternoon
24%
Julian FellowesGosford Park
24%
Costa-Gavras, Donald E. StewartMissing
24%
Gary Cooper Sergeant York
24%
Alexander Payne, Jim TaylorSideways
24%
Joan Fontaine Suspicion
24%
Robert Duvall, Horton FooteTender Mercies
24%
Leo McCareyThe Awful Truth
24%
John IrvingThe Cider House Rules
24%
Norma Shearer The Divorcee
24%
John FordThe Grapes of Wrath
24%
John Ford, Victor McLagen, Dudley NicholsThe Informer
24%
Jennifer Jones The Song of Bernadette
24%
Joanne WoodwardThe Three Faces of Eve
24%
Geraldine Page The Trip to Bountiful
24%
Olivia de HavillandTo Each His Own
24%
James Cagney Yankee Doodle Dandy
24%
Frank Borzage, Janet Gaynor, Benjamin Glazer7th Heaven
22%
Lionel Barrymore A Free Soul
22%
Claude Lelouchand, Pierre UytterhoevenA Man and a Woman
22%
Harry Brown, George Stevens, Michael WilsonA Place in the Sun
22%
Richard Brooks, Burt LancasterElmer Gantry
22%
Oliver StoneMidnight Express
22%
Marie Dressler Min and Bill
22%
Frank CapraMr. Deeds Goes to Town
22%
Janet GaynorStreet Angel
22%
Sidney SheldonThe Bachelor and the Bobby-Soxer
22%
Paddy ChayefskyThe Hospital
22%
Pierre Collings, Sheridan Gibney, Paul MuniThe Story of Louis Pasteur
22%
Edward AnhaltBecket
20%
Steve TesichBreaking Away
20%
Robert BoltDoctor Zhivago
20%
Fredric March Dr. Jekyll and Mr. Hyde
20%
Warner BaxterIn Old Arizona
20%
Michael ArndtLittle Miss Sunshine
20%
Victor Heerman, Sarah Y. MasonLittle Women
20%
Emil JanningsThe Last Command
20%
Charles LaughtonThe Private Life of Henry VIII
20%
Paul LukasWatch on the Rhine
20%
Ronald Colman A Double Life
17%
Frank Borzage, Edwin J. BurkeBad Girl
17%
Robert PiroshBattleground
17%
Peter Stone, Frank TarloffFather Goose
17%
Bill CondonGods and Monsters
17%
Sonya Levien, William LudwigInterrupted Melody
17%
Ring Lardner Jr.M*A*S*H
17%
Norman TaurogSkippy
17%
Frances MarionThe Big House
17%
Jeremy LarnerThe Candidate
17%
Nathan E. Douglas, Harold Jacob SmithThe Defiant Ones
17%
Graham MooreThe Imitation Game
17%
Helen Hayes The Sin of Madelon Claudet
17%
Emil Jannings The Way of All Flesh
17%
Joseph L. Mankiewicz (x2)A Letter to Three Wives
15%
Sidney Buchman, Seton I. MillerHere Comes Mr. Jordan
15%
James WebbHow the West Was Won
15%
Richard SchweizerMarie-Louise
15%
George SeatonMiracle on 34th Street
15%
Norman KrasnaPrincess O'Rourke
15%
Frank LloydThe Divine Lady
15%
Preston SturgesThe Great McGinty
15%
Hanns KrälyThe Patriot
15%
Lamar TrottiWilson
15%
Michael Kanin, Ring Lardner Jr.Woman of the Year
15%
Clarence Greene, Maurice Richlin, Russell Rouse, Stanley ShapiroPillow Talk
13%
William IngeSplendor in the Grass
13%
Albert LamorisseThe Red Balloon
13%
Lewis Milestone Two Arabian Knights
13%
George WellsDesigning Woman
9%
Bo GoldmanMelvin and Howard
9%
T. E. B. ClarkeThe Lavender Hill Mob
9%
Muriel Box, Sydney BoxThe Seventh Veil
9%

Score Distribution

Percentile by Number Answered

Percent of People with Each Score

Your Score History

You have not taken this quiz since the last reset